Central Library OPAC University of Rajshahi

Public finance / (Record no. 61566)

MARC details
000 -LEADER
fixed length control field 00935cam a2200289 4500
001 - CONTROL NUMBER
control field 61566
003 - CONTROL NUMBER IDENTIFIER
rucl marc code BD-RjUL
005 - DATE AND TIME OF LATEST TRANSACTION
control field 20211209080958.0
008 - FIXED-LENGTH DATA ELEMENTS--GENERAL INFORMATION
fixed length control field 170119s1948 nyua b 001 0 eng
035 ## - SYSTEM CONTROL NUMBER
System control number (BD-RjUL)61690
040 ## - CATALOGING SOURCE
Original cataloging agency DLC
Transcribing agency CWR
Modifying agency SLU
-- BD-RjUL
Language of cataloging eng
041 ## - LANGUAGE CODE
Language code of text/sound track or separate title eng
082 ## - DEWEY DECIMAL CLASSIFICATION NUMBER
Classification number 336.73
Edition number 23
Author mark and year BUP 1948
100 1# - MAIN ENTRY--PERSONAL NAME
Personal name Buehler, Alfred G.
Fuller form of name (Alfred Grether),
Dates associated with a name 1900-
9 (RLIN) 183442
245 10 - TITLE STATEMENT
Title Public finance /
Statement of responsibility, etc. by Alfred G. Buehler.
250 ## - EDITION STATEMENT
Edition statement 3rd ed.
260 ## - PUBLICATION, DISTRIBUTION, ETC. (IMPRINT)
Place of publication, distribution, etc. New York :
Name of publisher, distributor, etc. McGraw-Hill,
Date of publication, distribution, etc. 1948.
300 ## - PHYSICAL DESCRIPTION
Pagination xii, 740 p. :
Illustrations ill. ;
Size 24 cm.
504 ## - BIBLIOGRAPHY, ETC. NOTE
Bibliography, etc Includes bibliographies and index.
650 #0 - SUBJECT ADDED ENTRY--TOPICAL TERM
Topical term or geographic name as entry element Finance
Geographic subdivision United States.
9 (RLIN) 174486
Topical term or geographic name as entry element Finance
Geographic subdivision United States
General subdivision States.
9 (RLIN) 183443
Topical term or geographic name as entry element Taxation
Geographic subdivision United States.
9 (RLIN) 178835
Topical term or geographic name as entry element Taxation, State.
9 (RLIN) 183444
Topical term or geographic name as entry element Debts, Public
Geographic subdivision United States.
9 (RLIN) 183445
Topical term or geographic name as entry element Debts, Public
Geographic subdivision United States
General subdivision States.
9 (RLIN) 183446
942 ## - ADDED ENTRY ELEMENTS (KOHA)
Source of classification or shelving scheme Dewey Decimal Classification
Koha item type Books
Holdings
Lost status Source of classification or shelving scheme Damaged status Not for loan Collection code Permanent Location Current Location Shelving location Date acquired Source of acquisition Cost, normal purchase price Total Checkouts Full call number Date last seen Copy number Koha item type
  Dewey Decimal Classification   Not For Loan Non-fiction Central Library, University of Rajshahi Central Library, University of Rajshahi Reading Room 06/07/1955 Farcas Pub 26.00   336.73 BUP 1948 19/01/2017 C-1 Books